The Penguin history of Canada / (Record no. 168)

000 -LEADER
fixed length control field 00735cam a22002294a 4500
001 - CONTROL NUMBER
control field 14623015
003 - CONTROL NUMBER IDENTIFIER
control field OSt
005 - DATE AND TIME OF LATEST TRANSACTION
control field 20140116120820.0
008 - FIXED-LENGTH DATA ELEMENTS--GENERAL INFORMATION
fixed length control field 061103s2006 oncab b 001 0 eng
010 ## - LIBRARY OF CONGRESS CONTROL NUMBER
LC control number 2007405227
020 ## - INTERNATIONAL STANDARD BOOK NUMBER
International Standard Book Number 0670065536
050 00 - LIBRARY OF CONGRESS CALL NUMBER
Classification number F1026.B68 2006
100 1# - MAIN ENTRY--PERSONAL NAME
Personal name Bothwell, Robert.
245 14 - TITLE STATEMENT
Title The Penguin history of Canada /
Statement of responsibility, etc Robert Bothwell.
260 ## - PUBLICATION, DISTRIBUTION, ETC. (IMPRINT)
Place of publication, distribution, etc Toronto :
Name of publisher, distributor, etc Penguin Canada,
Date of publication, distribution, etc 2006.
300 ## - PHYSICAL DESCRIPTION
Extent xii, 596 p. :
Other physical details ill., maps ;
Dimensions 24 cm.
504 ## - BIBLIOGRAPHY, ETC. NOTE
Bibliography, etc Includes bibliographical references and index.
651 #0 - SUBJECT ADDED ENTRY--GEOGRAPHIC NAME
Geographic name Canada
General subdivision History.
906 ## - LOCAL DATA ELEMENT F, LDF (RLIN)
a 7
b cbc
c origres
d 3
e ncip
f 20
g y-gencatlg
942 ## - ADDED ENTRY ELEMENTS (KOHA)
Source of classification or shelving scheme
Koha item type Book
Holdings
Withdrawn status Lost status Source of classification or shelving scheme Damaged status Not for loan Home library Current library Date acquired Total Checkouts Full call number Barcode Date last seen Copy number Price effective from Koha item type Date checked out
          Riara University Library Riara University Library 11/10/2011   F1026.B68 2006 1192/11 11/10/2011 C.1 11/10/2011 Book  
          Riara University Library Riara University Library 11/10/2011 3 F1026.B68 2006 1190/11 29/10/2015 C.2 11/10/2011 Book 14/10/2015
          Riara University Library Riara University Library 11/10/2011   F1026.B68 2006 1191/11 03/06/2015 C.3 11/10/2011 Book  

Riara University Library,
P.O. Box 49940-00100,
Nairobi, Kenya.